书目信息 |
| 题名: |
基于仿生计算智能的地下工程反分析
|
|
| 作者: | 高玮 , 刘泉声 著 | |
| 分册: | ||
| 出版信息: | 北京 科学出版社 2009 |
|
| 页数: | 164页 | |
| 开本: | 26cm | |
| 丛书名: | ||
| 单 册: | ||
| 中图分类: | TU94 | |
| 科图分类: | ||
| 主题词: | 地下工程 | |
| 电子资源: | ||
| ISBN: | 978-7-03-024422-2 | |
| 000 | 01131nam0 2200253 45 | |
| 001 | 1029912710 | |
| 005 | 20100429095420.73 | |
| 010 | @a978-7-03-024422-2@dCNY40.00 | |
| 100 | @a20100420d2009 kemy0chiy50 ea | |
| 101 | 0 | @achi |
| 102 | @aCN@b110000 | |
| 105 | @ay z 000yy | |
| 106 | @ar | |
| 200 | 1 | @a基于仿生计算智能的地下工程反分析@AJi Yu Fang Sheng Ji Suan Zhi Neng De Di Xia Gong Cheng Fan Fen Xi@e理论与应用@ELi Lun Yu Ying Yong@f高玮,刘泉声著@FGao Wei, Liu Quan Sheng Zhu |
| 210 | @a北京@c科学出版社@d2009 | |
| 215 | @a164页@d26cm | |
| 300 | @a国家自然科学基金面上项目(40872187) 国家经济贸易委员会技术创新计划项目(02CJ-0701-05) 交通部西部交通建设科技项目(200431800028)资助 | |
| 330 | @a本书从围岩参数反分析及本构模型反分析两个角度入手,进行了仿生计算机智能与地下工程反分析的融合研究,提出了大量新颖的反分析研究方法,最后,通过三个大型地下工程实例的应用证明了本书提出的主要反分析方法的工程实用性。 | |
| 606 | 0 | @a地下工程 |
| 690 | @aTU94@v4 | |
| 701 | 0 | @a高玮@AGao Wei@g(岩土力学)@4著 |
| 701 | 0 | @a刘泉声@ALiu Quan Sheng@f(1962~)@4著 |
| 801 | 0 | @aCN@bTANGWEI@c20100429 |
| 905 | @b0594168-72@dTU94@e540@f5 | |
| 基于仿生计算智能的地下工程反分析:理论与应用/高玮,刘泉声著.-北京:科学出版社,2009 |
| 164页;26cm |
| 国家自然科学基金面上项目(40872187) 国家经济贸易委员会技术创新计划项目(02CJ-0701-05) 交通部西部交通建设科技项目(200431800028)资助 |
| ISBN 978-7-03-024422-2:CNY40.00 |
| 本书从围岩参数反分析及本构模型反分析两个角度入手,进行了仿生计算机智能与地下工程反分析的融合研究,提出了大量新颖的反分析研究方法,最后,通过三个大型地下工程实例的应用证明了本书提出的主要反分析方法的工程实用性。 |
| ● |
| 相关链接 |
|
|
|
|
正题名:基于仿生计算智能的地下工程反分析
索取号:TU94/540
 
预约/预借
| 序号 | 登录号 | 条形码 | 馆藏地/架位号 | 状态 | 备注 |
| 1 | 0594168 | 205941686 | 第二样本阅览室/ [索取号:TU94/540] | 在馆 | |
| 2 | 0594169 | 205941695 | 第三借阅区/ [索取号:TU94/540] | 在馆 | |
| 3 | 0594170 | 205941702 | 第三借阅区/ [索取号:TU94/540] | 在馆 | |
| 4 | 0594171 | 205941711 | 第三借阅区/ [索取号:TU94/540] | 在馆 | |
| 5 | 0594172 | 205941720 | 第三借阅区/ [索取号:TU94/540] | 在馆 |